000 00226nam a2200097Ia 4500
005 20251222114346.0
008 251222s1900||||xx |||||||||||||| ||spa||
082 _aDVD0140/V39/2002
245 0 _aDjango: La otra cara:
942 _cDVD
999 _c1063
_d1063